01732cam a22004934i 4500003000900000005001700009008004100026020001500067020001800082035002700100040003800127080001500165080001500180082001900195100004100214245021500255264007300470300005600543336002000599337002400619338002200643490003400665505017200699526001000871526001000881526000900891526000900900526000900909526000900918526000900927526000900936526000900945526000800954526000800962526000800970526000800978526000800986541001600994650004901010650005901059700003701118700004901155700003401204PE-LiUPU20250731165441.0150907s2014 sp a o000 0dspa d a8484398919 a9788484398912 a(Sirsi) i9788484398912 aBNMbspaerdccBNMdPE-LiUPUerda a004.6(035) a004.8(035) a006.3bH462201 aHerrera Triguero, Francisco,eautor.10aInteligencia artificial, inteligencia computacional y Big Data /cFrancisco Herrera Triguero ; [entrevista, Concha Araujo ; textos, Francisco Herrera Triguero, Manuel Parras Rosa, José Luis Hidalgo García]. a[Jaén] :bServicio de Publicaciones, Universidad de Jaén,c2014. a145 páginas :bilustraciones ;c22 centímetros. text2rdacontent unmediated2rdamedia volume2rdacarrier0 aColección Natural de Jaén00aInteligencia artificial -- Inteligencia computacional. Inteligencia inspirada en la naturaleza -- Inteligencia de negocio y Big Data -- Entrevista a Francisco Herrera. aSEG44 aSEG26 aP151 aP150 aP149 aP146 aP145 aP126 aP125 aP92 aP75 aP74 aP27 aP15 g001-003150; 7aDatos masivosvObras de divulgación2embne 7aInteligencia artificialvObras de divulgación2embne1 aAraújo, Conchaeentrevistador.1 aHidalgo García, José Luis,ecoordinador.1 aParras Rosa, Manuel,eeditor.